000 00698nam a2200157 a 4500
001 000016429
005 20200929164425.0
008 100305s1985 dr a 000 0 spa d
040 _aDO-SdBNP
_bspa
_cBNPHU
082 _axxx
_bH557e
100 1 _aHernández Castillo, Ángel E.
_936624
245 1 0 _aEvaluación de la eficacia del currículo del primer ciclo de la enseñanza primaria reformada :
_b(informe final) /
_cÁngel E. Hernández Castillo; colaboración de Rosa María Reyes de García, Luz N. Reynoso de Díaz, Ana Silvia Peralta Gil.
260 _aSanto Domingo :
_bSecretaría de Estado de Educación, Bellas Artes y Cultos,
_c1985.
300 _a328 p. :
_bil. ;
_c22 cm.
049 _aBNPD
999 _c15964
_d15964